Výstupný vzdelávací štandard zo SJaL (Record no. 22246)
[ view plain ]
| 000 -NÁVESTIE | |
|---|---|
| fixed length control field | 00311nam a2200133 4500 |
| 008 - ÚDAJE S PEVNOU DĹŽKOU – VŠEOBECNÉ INFORMÁCIE | |
| fixed length control field | 190319s ||||xo d |
| 020 ## - MEDZINÁRODNÉ ŠTANDARDNÉ ČÍSLO KNIHY (ISBN) | |
| Medzinárodné štandardné číslo knihy (ISBN) | 80-7098-357-4 |
| Údaje o dostupnosti | 0 |
| 041 1# - KÓD JAZYKA | |
| Kód jazyka textu/zvukovej stopy alebo samostatných nápisov | slo |
| 044 ## - KÓD KRAJINY VYDAVATEĽA/PRODUCENTA | |
| Kód krajiny MARC | xo |
| Kód krajiny ISO | SK |
| 245 10 - NÁZOV | |
| Názov | Výstupný vzdelávací štandard zo SJaL |
| 250 ## - ÚDAJ O PORADÍ VYDANIA | |
| Údaj o poradí vydania | 1.vydanie |
| 300 ## - FYZICKÝ POPIS | |
| Rozsah | 80 s. |
| 958 ## - Formálny deskriptor | |
| Formálny deskriptor | APR |
| Stav stiahnutia (Blokovanie) (Withrawn status) | Stav straty | Stav poškodenia (Damaged status) | Nie pre výpožičky (Not for loan) | Spôsob nadobudnutia (Collection code) | Trvalé umiestnenie | Aktuálne umiestnenie | Dátum nadobudnutia | Inventárne číslo (prírastkové číslo) | Full call number | Dátum posledného výskytu | Cena s účinnosťou od | Typ jednotky Koha |
|---|---|---|---|---|---|---|---|---|---|---|---|---|
| Dar | Mestská knižnica Giraltovce | Mestská knižnica Giraltovce | 2019-03-19 | 20576 | S1403 | 2019-12-12 | 2019-12-12 | Krásna literatúra pre dospelých |